| 000 | 01203nam a2200289Ia 4500 | ||
|---|---|---|---|
| 003 | IN-BaIIA | ||
| 008 | 211028s9999 xx 000 0 eng d | ||
| 020 | _a978-3-540-74712-3 | ||
| 040 | _cIIA Library | ||
| 080 |
_a524.834(082.1) _bREL |
||
| 111 |
_aMPE/USM/MPA/ESO Joint Astronomy Conference _cGermany _d2005 Nov. 7- 11 _931751 |
||
| 245 | 0 |
_aRelativistic astrophysics and cosmology - Einstein's legacy _bproceedings of the MPE/USM/MPA/ESO joint astronomy conference held in Munich, Germany, 7- 11 Nov 2005 _cedited by B. Aschenbach…[et al.] |
|
| 260 |
_aBerlin _bSpringer _c2007 |
||
| 300 | _axxxi, 504p. | ||
| 490 | _aESO astrophysics symposia | ||
| 650 |
_aCluster of galaxies - congresses _931752 |
||
| 650 |
_aEinstein universe - congresses _931753 |
||
| 650 |
_aGeneral relativity - congresses _931754 |
||
| 650 |
_aRelativistic astrophysics - congresses _931755 |
||
| 650 |
_aSupernovae - congresses _930773 |
||
| 700 |
_aAschenbach, B., ed. _931756 |
||
| 700 |
_aBurwitz, V., ed. _931757 |
||
| 700 |
_aHasinger, G., ed. _931758 |
||
| 700 |
_aLeibundgut,B., ed. _928723 |
||
| 710 |
_aEuropean Southern Observatory _910914 |
||
| 942 | _cBK | ||
| 999 |
_c16952 _d16952 |
||